000 03136 a2200301 4500
999 _c11033
_d11033
020 _a9780128229194
020 _a0128229195
050 0 0 _aSB975
_b.BIO 2021
245 0 0 _aBiocontrol agents and secondary metabolites :
_bapplications and immunization for plant growth and protection /
_cedited by Sudisha Jogaiah.
264 1 _aOxford :
_bWoodhead Publishing,
_c2021.
300 _axxii, 694 pages ;
_billustrations
336 _atext
_2rdacontent
_btxt
337 _aunmediated
_2rdamedia
_bn
338 _avolume
_2rdacarrier
_bnc
504 _aIncludes bibliographical references and index
505 _a. Fungi for Biofactory of secondary metabolites: Genomics and metabolism 2. Signatures of signaling pathways underlying plant growth promotion by fungi 3. Beneficial plant-associated bacteria modulate host hormonal system enhancing plant resistance towards abiotic stress 4. Over-production of ROS: underlying molecular mechanism of scavenging and redox signaling 5. Molecular mechanisms /cell signaling pathways for plant protection from diseases by fungi 6. Antioxidant-Mediated Defense against Biotic Stress in Plants 7. Explorations of Fungal Diversity in Extreme Environmental Conditions for sustainable agriculture applications 8. Impact of potassium solubilzing fungi as biopesticides and its role in crop improvement 9. Terpenes a plant defense activator to diverse biotic stresses 10. Bio-control Potential of Plant Growth Promoting Rhizobacteria Against Ralstonia Solanacearum: Current and Future Prospects 11. Fungal diversity and its role in sustainable agriculture 12. Exploring the Biogeographical Diversity of Trichoderma for Plant Health 13. Ecological Studies of Fungal Biodiversity in Fresh Water and their broad spectrum applications 14. Antimicrobial secondary metabolites from Trichoderma spp. as next generation fungicides 15. Biostimulants: Promising probiotics for plant health 16. Control of corn rot and wilt of saffron using agriculturally important microorganisms 17. Seed biopriming: a novel method to control seed borne diseases of crops 18. Current trends and future prospects of secondary metabolite based products from agriculturally important microorganisms 19. Management of major diseases of spice crops using encapsulated microbial formulation 20. Exploring plant Volatile compounds in sustainable crop improvement 21. Controlling diseases of MAPs using novel PGPR 22. Trichoderma from gene to field 23. Polyphenols: How they protect crops against stresses 24. Regulatory requirements for commercialisation of biocontrol agents
650 0 _aBiological pest control agents.
650 0 _aMetabolites.
650 0 _aSustainable agriculture.
650 6 _aMtˌabolites.
650 6 _aAgriculture durable.
650 7 _aBiological pest control agents.
650 7 _aMetabolites.
650 7 _aSustainable agriculture.
700 1 _aJogaiah, Sudisha,
_eeditor.
942 _2lcc
_cBK
_h975
_iBIO
_kSB